| 000 | 00762nam a2200241 a 4500 | ||
|---|---|---|---|
| 001 | BRL_613 | ||
| 005 | 20190320210825.0 | ||
| 008 | 100913s1966----sp-#######---#000-0#spa-# | ||
| 041 | _aspa | ||
| 044 | _asp | ||
| 050 | 4 |
_aBX4655 _b.A6 1966 |
|
| 245 | 1 | 0 |
_aAño Cristiano II _babril-junio _cDirigido por los catedráticos de la Universidad Pontificia de Salamanca, Lamberto de Echeverria, Bernardino Llorca, S.I. |
| 250 | _a2a ed. | ||
| 260 |
_aMadrid _bLa Editorial Católica _c1966 |
||
| 300 |
_a708 p. _c20 cm. |
||
| 440 | 0 |
_aBiblioteca de Autores Cristianos _v184 _924427 |
|
| 500 | _aAu707 | ||
| 650 | 1 | 4 |
_aSantos _vBiografías _924428 |
| 700 | 1 |
_aEcheverria, Lamberto de _924429 |
|
| 700 | 1 |
_aLlorca, Bernardino _924430 |
|
| 902 | _aGRL | ||
| 942 |
_2lcc _cB |
||
| 999 |
_c9425 _d9425 |
||